00573nam a2200157Ia 4500008004100000020001800041082002000059100003000079245008500109260002100194300001100215500002700226650005100253952009400304999001700398120622s9999 xx 000 0 und d a968-26-0034-0 a658.15242 G216i aGarcía Mendoza, Alberto aLas inversiones a largo plazo y su financiamiento / por Alberto García Mendoza aMéxico : CECSA a111 p. aIncluye bibliografía a1. ANALISIS DE INVERSIONES \ 2. INVERSIONESÌ 00104070a01b01d2007-01-25l0o658.15242 G216Ip01 002246r2012-06-24w2012-06-24yLB c59022d59022